ბათუმის შოთა რუსთაველის სახელმწიფო უნივერსიტეტის ბიბლიოთეკა

Информационно-управляющие системы №6(67) 2013 (ბიბ.ჩანაწერი № 41984)

000 -LEADER
fixed length control field 00554nam a2200181Ia 4500
001 - CONTROL NUMBER
control field 8669
003 - CONTROL NUMBER IDENTIFIER
control field GE_BSU
008 - FIXED-LENGTH DATA ELEMENTS--GENERAL INFORMATION
fixed length control field 181216s||||||||xx |||||||||||||| ||und||
040 ## - CATALOGING SOURCE
Transcribing agency GE_BSU
245 ## - TITLE STATEMENT
Title Информационно-управляющие системы №6(67) 2013
245 ## - TITLE STATEMENT
Remainder of title Научный журнал
245 ## - TITLE STATEMENT
Statement of responsibility, etc. Гл.ред.М.Сергеев
260 ## - PUBLICATION, DISTRIBUTION, ETC.
Place of publication, distribution, etc. Санкт-Петербург
260 ## - PUBLICATION, DISTRIBUTION, ETC.
Date of publication, distribution, etc. 2013
300 ## - PHYSICAL DESCRIPTION
Extent 118стр.29 см.
653 ## - INDEX TERM--UNCONTROLLED
Uncontrolled term Информационно-управляющие системы
942 ## - ADDED ENTRY ELEMENTS (KOHA)
Koha item type პერიოდიკა
ეგზემპლარები
Withdrawn status Lost status Damaged status Not for loan Date acquired Barcode Date last seen Price effective from Koha item type
        2018-12-17 p76059 2018-12-17 2018-12-17 პერიოდიკა